| 000 | 00860nam a2200241 a 4500 | ||
|---|---|---|---|
| 001 | 23544 | ||
| 003 | UkOxU | ||
| 005 | 20211209000937.0 | ||
| 008 | 140311r19681952n abc b 001 0beng | ||
| 035 |
_a(BD-RjUL)23609 _aocm01556249 |
||
| 040 |
_aDLC _cDZM _dSER _dBD-RjUL _beng |
||
| 041 | _aeng | ||
| 082 |
_a928.286 _bJOH 1968 |
||
| 100 | 1 |
_aJones, M. G. _q(Mary Gwladys). _972463 |
|
| 245 | 1 | 0 |
_aHannah More / _cby M.G. Jones |
| 260 |
_aNew York : _bGreenwood, _c[Reprinted 1968]. |
||
| 300 |
_axi, 284 p. : _bill., ports., map ; _c23 cm |
||
| 504 | _aBibliographical references included in "Notes" (p. 237-271) "Cheap repository tracts ascribed to Hannah More": p. 272-273. "Hannah More's major writings as published in her lifetime": p. 274 | ||
| 600 | 1 | 0 |
_aMore, Hannah, _d1745-1833 _972481 |
| 942 |
_2ddc _cBK |
||
| 999 |
_c23544 _d23544 |
||